Southville International School and Colleges
Your cart is empty.
  • Cart
  • Lists
    Public lists Eva Luna New books Lux_list list_1
    Your lists Log in to create your own lists
  • Log in to your account
  • Your cookies
  • Search history
Southville International School and Colleges
  • Advanced search
  • Recent comments
  • Most popular
  • Libraries

Log in to your account

Log in with GOOGLE


If you do not have an external account, but do have a local account, you can still log in:

  1. Home
  2. MARC view: Applied calculus /
Normal view MARC view ISBD view

Applied calculus / (Record no. 48567)

[ view plain ]
MARC details
000 -LEADER
fixed length control field 00556nam a2200193Ia 4500
008 - FIXED-LENGTH DATA ELEMENTS--GENERAL INFORMATION
fixed length control field 140321s9999 xx 000 0 und d
020 ## - INTERNATIONAL STANDARD BOOK NUMBER
International Standard Book Number 9781285056401
050 ## - LIBRARY OF CONGRESS CALL NUMBER
Classification number QA 303.1
Item number .W184 2014
100 ## - MAIN ENTRY--PERSONAL NAME
Personal name Warner, Stefan
245 ## - TITLE STATEMENT
Title Applied calculus /
Statement of responsibility, etc Stefan Warner & Steven R. Costenoble.
250 ## - EDITION STATEMENT
Edition statement 6th ed.
260 ## - PUBLICATION, DISTRIBUTION, ETC. (IMPRINT)
Place of publication, distribution, etc Massachusetts :
Name of publisher, distributor, etc Brooks/Cole Cengage Learning,
Date of publication, distribution, etc c2014.
300 ## - PHYSICAL DESCRIPTION
Extent 512 p. :
Other physical details col. ill. ;
Dimensions 26 cm.
500 ## - GENERAL NOTE
General note Includes index.
521 ## - TARGET AUDIENCE NOTE
Target audience note
650 ## - SUBJECT ADDED ENTRY--TOPICAL TERM
Topical term or geographic name as entry element Caculus
General subdivision Textbooks.
942 ## - ADDED ENTRY ELEMENTS (KOHA)
Call number prefix Foreign
Koha item type Books
Holdings
Withdrawn status Lost status Damaged status Home library Current library Shelving location Date acquired Total Checkouts Total Renewals Full call number Barcode Date last seen Date checked out Price effective from Koha item type
      College Library College Library Reserve Section 03/21/2014 2 5 QA 303.1 .W184 2014 C17850 12/11/2016 11/25/2016 03/21/2014 Books

Applied calculus /

APA

Warner S., . (2014). Applied calculus. Massachusetts: Brooks/Cole Cengage Learning.

Chicago

Warner Stefan, . 2014. Applied calculus. Massachusetts: Brooks/Cole Cengage Learning.

Harvard

Warner S., . (2014). Applied calculus. Massachusetts: Brooks/Cole Cengage Learning.

MLA

Warner Stefan, . Applied calculus. Massachusetts: Brooks/Cole Cengage Learning. 2014.

  • Place hold
  • Print
  • Cite
  • Add to your cart (remove)
  • Save record
    BIBTEX Dublin Core MARCXML MARC (non-Unicode/MARC-8) MARC (Unicode/UTF-8) MARC (Unicode/UTF-8, Standard) MODS (XML) RIS
  • More searches
    Search for this title in:
    Other Libraries (WorldCat) Other Databases (Google Scholar) Online Stores (Bookfinder.com) Open Library (openlibrary.org)

Exporting to Dublin Core...

SOUTHVILLE LIBRARY

Southville International School and Colleges Library

1281 Tropical Ave. Cor. Luxembourg St., BF Homes International, Las Pinas City

Tel. No. 8256374 / 252358 Loc. 117/146

Powered by Koha